Determinación de la eficiencia operativa en la regulación de monopolios naturales: el uso de información de consultores versus competencia por comparaciones
Furkejuvvon:
| Váldodahkki: | |
|---|---|
| Materiálatiipa: | Girji |
| Giella: | espánnjágiella |
| Almmustuhtton: |
Santiago
Universidad de Chile
2003
|
| Ráidu: | Documento de Trabajo, 204
|
| Fáttát: | |
| Fáddágilkorat: |
Lasit fáddágilkoriid
Eai fáddágilkorat, Lasit vuosttaš fáddágilkora!
|
MARC
| LEADER | 00000nam a2200000 a 4500 | ||
|---|---|---|---|
| 001 | UCL6580 | ||
| 003 | CL-VaPUC | ||
| 008 | 040416e20030000CL |||||||||||||||||spa|d | ||
| 082 | 0 | 4 | |a 338.4 |b GOM |2 21 |
| 100 | |a Gómez-Lobo, Andrés |e author |9 526213 | ||
| 245 | 1 | 0 | |a Determinación de la eficiencia operativa en la regulación de monopolios naturales: el uso de información de consultores versus competencia por comparaciones |
| 300 | |a pág. irreg | ||
| 942 | |c BK | ||
| 945 | |d 20040416 00:00:00 |a cmena | ||
| 260 | |a Santiago |b Universidad de Chile |c 2003 | ||
| 650 | 0 | |a Monopolios |9 255549 | |
| 650 | 0 | |a Agua potable |9 260375 | |
| 650 | 7 | |a REGULACION DE PRECIOS |2 CL-VaPUC |9 466901 | |
| 650 | 0 | |a Política gubernamental |9 262286 | |
| 651 | 7 | |a CHILE |2 CL-VaPUC |9 484189 | |
| 583 | |a last modification |c 20040416 00:00:00 |k Rodrigo Vera | ||
| 490 | 0 | |a Documento de Trabajo, 204 | |
| 999 | |c 308582 |d 308580 | ||
| 952 | |0 0 |1 0 |4 0 |6 338_400000000000000_GOM_2003 |7 0 |8 A |9 375203 |a BIBGIM |b BIBGIM |d 2019-11-21 |i 4004663 |o 338.4 GOM 2003 |p 4004663 |r 2025-01-15 |w 2019-11-21 |y BK |k GIM | ||